Statistics for Drag Me Down- One Direction

Click here to take the quiz!

General Stats

  • This quiz has been taken 318 times
  • The average score is 251 of 270

Answer Stats

HintAnswer% Correct
no
100%
a
99%
down
99%
drag
99%
me
99%
my
99%
(nobody
99%
nobody)
99%
nobody
99%
The
99%
the
99%
I
98%
you
98%
You
98%
all
97%
ChorusAll
97%
be
97%
(be
97%
can
97%
life
97%
by
96%
your
96%
else
95%
got
95%
heart
95%
I'm
95%
not
95%
of
95%
one
95%
so
95%
dark
94%
fire
94%
stood
94%
behind
93%
easy
93%
ever
93%
for
93%
look
93%
love
93%
scared
93%
(see
93%
see
93%
with
93%
can't
92%
Verse 1I've
92%
never
92%
was
92%
baby
91%
these
91%
blind
90%
soul
90%
they
90%
when
90%
you're
90%
and
89%
lights
89%
only
89%
reason
89%
who
89%
Pre- Chorus | Verse 2If
88%
(nothing
88%
nothing
88%
sun
88%
sun)
88%
it
87%
have
86%
left
86%
left)
86%
to
86%
river
85%
man
84%
didn't
83%
would
83%
yeah
83%
best)
82%
best
82%
someone
82%
could
81%
how
81%
there
80%
seen
79%
his
78%
you've
78%
taught
76%
boat
75%
I'd
75%
i'd
75%
shell
74%
that
28%

Score Distribution

Percentile by Number Answered

Percent of People with Each Score

Your Score History

You have not taken this quiz